000 00401nam a2200181Ia 4500
005 20250423095436.0
008 250422s9999 xx 000 0 und d
020 _a0697267245
050 _aQC 21.2.N65/
100 _aNolan, Peter J.
245 0 _aFundamentals of college physics
250 _a2nd ed.
260 _aBoston
260 _bWCB
260 _c1995
300 _a39 p
942 _cBK
999 _c30285
_d30285